000 00355nam a2200157Ia 4500
008 221030s9999 xx 000 0 und d
020 _a8174462449
041 _aEnglish
082 _a105.23
_bGul
100 _aS. S. Gulshan
245 0 _aMercantile Law
260 _bExcel Books
_aNew Delhi
_c2003
300 _a918
650 _aManagement
942 _cBK
999 _c874
_d874